000 00684cam a2200241 4500
008 000000n2000 000 0 eng u
020 _a1872328946
035 _a(Sirsi) u107022
050 _a913.031
100 _aCookson, Neil
245 _aArchaeological heritage law.
260 _aChichester
_bBarry Rose Law Publishers Ltd
_c2000
300 _alx, 905p. ; 24cm.
350 _a42.00
650 _aARCHAEOLOGY
650 _aANCIENT MONUMENTS
650 _aLISTED BUILDINGS
650 _aLAW
650 _aHISTORIC AREAS
650 _aARCHAEOLOGICAL AREAS
690 _aBUILT ENVIRONMENT-BUILDING MAINTENANCE AND REFURBISHMENT-BUILDING CONSERVATION
942 _n0
999 _c100651
_d100651